Cumulative CO2 emissions since 1750 - Statistics

General Stats
  • This quiz has been taken 42 times
  • The average score is 9 of 10
Answer Stats
Hint Answer % Correct
14% China
100%
3% India
100%
4.6% United Kingdom
100%
25% United States
100%
2.3% France
97%
5.5% Germany
97%
7% Russia
97%
2% Canada
91%
4% Japan
91%
1.8% Ukraine
66%
No matching quizzes found
Score Distribution
Percent of People with Each Score
Percentile by Number Answered
Your Score History
You have not taken this quiz